00623nam a2200205Ia 450000500170000000800410001702000270005804000190008504100120010408200170011610000280013324500810016126000450024230000100028750400580029763000220035565000160037765100140039385000100040720230424091833.0140110s9999 xx 000 0 und d a9788177082012cRs.1880 aLoreto College aEnglish a338.954bPRA aPrasad, Chandra Shekhar aAgriculture and Rural Development in India Since 1947cChandra Sekhar Prasad aNew DelhibNew Century Publicatonsc2009 a512p. aIncludes index , bibliographical references ,glossary aRural Development aAgriculture aEconomics aLCLIB